Red digital revista de tecnologa̕s de la informacin̤ y comunicacin̤ educativas /

Bibliographic Details
Corporate Author: Centro Nacional de Informacin̤ y Comunicacin̤ Educativa (Espaą)
Format: Unknown
Language:Spanish
Published: Madrid : Centro Nacional de Informacin̤ y Comunicacin̤ Educativa
Subjects:
Online Access:Acceso restringido

MARC

LEADER 00000ny a22000003n 4500
005 20110517104724.0
008 050407c20049999sp fr p || b|spa d
022 |a 1698-2541 
035 |a 64 
040 |a USA.SABUS  |d vLex 
090 |c 2001  |d 2001 
245 0 0 |a Red digital  |h [Recurso electrn̤ico]  |b revista de tecnologa̕s de la informacin̤ y comunicacin̤ educativas /  |c Ministerio de Educacin̤ y Ciencia 
256 |a Servicio en ln̕ea 
260 |a Madrid :   |b Centro Nacional de Informacin̤ y Comunicacin̤ Educativa 
310 |a Semestral 
506 1 |a Contenido solo disponible en los productos indicados  |d vLex Global  |d vLex Global (Academic Edition, excluding Law Schools)  |d vLex Global (U.S. Academic Edition, Law Schools)  |d vLex Global (U.S. Academic Edition, excluding Law Schools)  |d vLex Global (Academic Edition, Law Schools) 
650 0 7 |a Dinero electrn̤ico  |2 Tesauro vLex 
650 0 7 |a Nuevas tecnologa̕s  |2 Tesauro vLex 
650 0 7 |a Derechos educativos  |2 Tesauro vLex 
650 0 7 |a Tecnologa̕s de la informacin̤  |2 Tesauro vLex 
710 2 |a Centro Nacional de Informacin̤ y Comunicacin̤ Educativa (Espaą) 
740 0 |a vLex Revista (Servicios en ln̕ea) 
776 0 |i Versin̤ impresa:  |t Red digital,  |x 1698-255x 
843 |a Electrn̤ica. Abierta 
853 |8 1  |i (year)  |j (month)  |k (day) 
856 4 0 |u http://vlex.com/source/64  |z Acceso restringido 
942 |c REV